| 000 | 00673cab a2200229 4500 | ||
|---|---|---|---|
| 001 | WB3428-06 | ||
| 008 | 090401t1998 xxu||||| |||| 00| 0 eng d | ||
| 035 | _a(Sirsi) u87590 | ||
| 041 | _aeng | ||
| 245 | _aWhite asbestos faces ban | ||
| 260 | _c1998 | ||
| 350 | _a0 | ||
| 490 |
_aFinancial Times _v22 July 1998, 8(1) |
||
| 520 | _aThe Health and Safety Commission is pressing for a complete UK ban on the importation and use of white asbestos. | ||
| 650 | _aBAN | ||
| 650 | _aCHRYSTOLITE ASBESTOS | ||
| 650 | _aHEALTH AND SAFETY COMMISSION | ||
| 650 | _aWHITE ASBESTOS | ||
| 690 | _aBUILT ENVIRONMENT-BUILDING MATERIALS | ||
| 942 | _n0 | ||
| 948 | _c23/07/1998 | ||
| 999 |
_c55254 _d55254 |
||